• 首页
  • 本馆介绍
  • 公告通知
  • 最新文献
  • 馆藏检索
  • 电子资源
  • 读者导购
  • 参考咨询
  • 我的图书馆
  • 登录
  • 详细信息显示
  • 放入我的书架
  • 预约/预借图书
  • 作者相关作品
  • 分类相关作品
  • 丛书相关作品
  • 出版社相关作品

书目信息

  • 表格格式
  • 工作单格式
  • 卡片格式
题名:
天籁之道
    
 
作者: 云露 著
分册:  
出版信息: 济南   山东人民出版社  2016
页数: 180页
开本: 24cm
丛书名:
单 册:
中图分类: J616.1
科图分类:
主题词: 声乐训练--sheng le xun lian--教学研究
电子资源:
ISBN: 978-7-209-09507-5
000 00903nam0 22002411 450
001 0119165236
005 20170619165236.0
010    @a978-7-209-09507-5@dCNY39.00
100    @a20160615d2016 em y0chiy50 ea
101 0  @achi
102    @aCN@b370000
105    @ay z 000yy
106    @ar
200 1  @a天籁之道@9tian lai zhi dao@b专著@e声乐训练与教学法@f云露著
210    @a济南@c山东人民出版社@d2016
215    @a180页@d24cm
330    @a本书作者为临沂艺术学校的一线声乐教师,从入校到现在有着丰富的教学经验。在书中,作者将声乐学习过程中的发声、气息运用等气息使用等进行详细论述;再加上作者常年一线教学心得,共同构成了本书声乐训练与教学法的基本内容。
517 1  @a声乐训练与教学法@9sheng le xun lian yu jiao xue fa
606 0  @a声乐训练@9sheng le xun lian@x教学研究
690    @aJ616.1@v5
701  0 @a云露@9yun lou@4著
801  0 @aCN@b百万庄@c20170616
905    @b1010733-8@dJ616.1@e796@f6
    
    天籁之道:声乐训练与教学法/云露著.-济南:山东人民出版社,2016
    180页;24cm
    
    
    ISBN 978-7-209-09507-5:CNY39.00
    本书作者为临沂艺术学校的一线声乐教师,从入校到现在有着丰富的教学经验。在书中,作者将声乐学习过程中的发声、气息运用等气息使用等进行详细论述;再加上作者常年一线教学心得,共同构成了本书声乐训练与教学法的基本内容。
●
相关链接 在E读中查询图书 在五车中查询图书 在当当中查询图书 在豆瓣中查询图书


正题名:天籁之道     索取号:J616.1/796         预约/预借

序号 登录号 条形码 馆藏地/架位号 状态 备注
1 1010733   210107338   第一样本阅览室/ [索取号:J616.1/796] 在馆    
2 1010734   210107347   教育系资料室/ [索取号:J616.1/796] 在馆    
3 1010735   210107356   教育系资料室/ [索取号:J616.1/796] 在馆    
4 1010736   210107365   教育系资料室/ [索取号:J616.1/796] 在馆    
5 1010737   210107374   第一借阅区/ [索取号:J616.1/796] 在馆    
6 1010738   210107383   第一借阅区/ [索取号:J616.1/796] 在馆    
唐山师范学院图书馆 欢迎您!
大连网信软件有限公司© 版权所有